000 00656nam a22002177a 4500
003 BPGM  00 campo de control
005 20260626213626.0
008 260626b2007 mx o|||| |||| 00| 0 spa d
020 _aSIN ISBN
040 _aBPGM
_bspa
041 _aspa
_hspa
082 0 4 _a351.015 /
_bI43M
100 _aGONZÁLEZ VALLE, MANUEL
245 _aTODOS POR QUERETARO
_bPRIMER INFORME DE GOBIERNO
260 _aQUERETARO;
_bCOMISION DE TRANSPARENCIA,
_c2007.
300 _a196 páginas
_c30 cm x 24 cm
336 _2rdacontent
_atexto
_btxt
337 _2rdamedia
_asin mediación
_bn
338 _2rdacarrier
_avolumen
_bnc
942 _2ddc
_cCOLQ
999 _c68680
_d68680